[Event "RUS-chT 9th"]
[Site "Ekaterinburg"]
[Date "2002.05.19"]
[Round "3"]
[White "Kobalia, Mikhail"]
[Black "Labunskiy, Dmitry"]
[Result "1/2-1/2"]
[WhiteElo "2602"]
[BlackElo "2440"]
[PlyCount "121"]
[EventDate "2002.05.17"]

1. e4 c6 2. d4 d5 3. e5 Bf5 4. Nc3 e6 5. g4 Bg6 6. Nge2 Bb4 7. h4 h6 8. Nf4 Ne7
9. Nxg6 Nxg6 10. h5 Ne7 11. a3 Bxc3+ 12. bxc3 Nd7 13. a4 Qa5 14. Bd2 Qc7 15. f4
c5 16. Be3 Nc6 17. Bd3 cxd4 18. cxd4 Nb4 19. Qd2 Nxd3+ 20. cxd3 Nb8 21. Ke2 Nc6
22. a5 a6 23. Rhc1 Qe7 24. Bf2 Rc8 25. Rc5 O-O 26. Qe3 f5 27. Rg1 fxg4 28. Rxg4
Rf5 29. Rh4 Rcf8 30. Rc1 Qf7 31. Rb1 Nxa5 32. Qf3 Rxf4 33. Rxf4 Qxf4 34. Qxf4
Rxf4 35. Rb6 Nc6 36. Rxb7 Nxd4+ 37. Bxd4 Rxd4 38. Re7 Rh4 39. Rxe6 Rxh5 40. d4
Rh2+ 41. Ke3 Rh3+ 42. Ke2 Rh4 43. Kd3 Rh3+ 44. Ke2 a5 45. Rd6 a4 46. Kd2 a3 47.
Kc2 a2 48. Kb2 Ra3 49. Ka1 Ra5 50. Rd7 Kh7 51. e6 Kg6 52. e7 Kf7 53. e8=Q+ Kxe8
54. Rxg7 Ra4 55. Rh7 Rxd4 56. Kxa2 Rh4 57. Kb3 Kf8 58. Kc3 Ke8 59. Kd3 h5 60.
Ke3 Re4+ 61. Kf3 1/2-1/2

[Event "RUS-chT 9th"]
[Site "Ekaterinburg"]
[Date "2002.05.19"]
[Round "3"]
[White "Kurochkin, Victor"]
[Black "Pigusov, Evgeny"]
[Result "1-0"]
[WhiteElo "2415"]
[BlackElo "2623"]
[PlyCount "85"]
[EventDate "2002.05.17"]

1. e4 c5 2. Nf3 d6 3. d4 cxd4 4. Nxd4 Nf6 5. Nc3 a6 6. Be3 e5 7. Nb3 Be6 8. f3
Be7 9. Qd2 h5 10. O-O-O Nbd7 11. g3 Rc8 12. Nd5 Nxd5 13. exd5 Bf5 14. Bd3 Bxd3
15. Qxd3 O-O 16. g4 h4 17. Kb1 Bg5 18. Nd2 Bxe3 19. Qxe3 Qf6 20. Ne4 Qg6 21. h3
Nc5 22. Rdf1 b5 23. Rhg1 b4 24. g5 Nxe4 25. fxe4 Rc4 26. Rg4 Rfc8 27. Rc1 a5
28. Rxh4 a4 29. Rg4 a3 30. h4 axb2 31. Kxb2 Rc3 32. Qe2 Qh5 33. Qg2 g6 34. Rg1
Qh8 35. Rc1 Qg7 36. Qh2 Qh8 37. h5 gxh5 38. Rh4 Qg7 39. Rxh5 R3c4 40. Qh4 R8c7
41. Rh1 Rxc2+ 42. Kb1 Kf8 43. Rh8+ 1-0

[Event "RUS-chT 9th"]
[Site "Ekaterinburg"]
[Date "2002.05.19"]
[Round "3"]
[White "Najer, Evgeniy"]
[Black "Kupreichik, Viktor D"]
[Result "1/2-1/2"]
[WhiteElo "2598"]
[BlackElo "2466"]
[PlyCount "46"]
[EventDate "2002.05.17"]

1. d4 Nf6 2. c4 e6 3. Nf3 d5 4. Nc3 Bb4 5. Qa4+ Nc6 6. Bg5 h6 7. Bxf6 Qxf6 8.
e3 O-O 9. Qb3 dxc4 10. Bxc4 Qe7 11. a3 Bd6 12. Bb5 Bd7 13. O-O a6 14. Bd3 e5
15. Rfe1 Rab8 16. d5 Na5 17. Qc2 c5 18. dxc6 Nxc6 19. Nd5 Qd8 20. Rad1 Rc8 21.
Qb3 Na5 22. Qb6 Ba4 23. Rc1 Rxc1 1/2-1/2

[Event "RUS-chT 9th"]
[Site "Ekaterinburg"]
[Date "2002.05.19"]
[Round "3"]
[White "Pevzner, Lev"]
[Black "Kotsur, Pavel"]
[Result "1/2-1/2"]
[WhiteElo "2423"]
[BlackElo "2578"]
[PlyCount "116"]
[EventDate "2002.05.17"]

1. d4 Nf6 2. c4 e6 3. Nc3 Bb4 4. Qc2 c5 5. dxc5 Bxc5 6. Nf3 Qb6 7. e3 Qc7 8.
Be2 b6 9. O-O a6 10. b3 Bb7 11. h3 Be7 12. Bb2 d6 13. Rac1 Nbd7 14. Ng5 Rc8 15.
Bf3 Bxf3 16. Nxf3 Qb7 17. Qe2 O-O 18. Nd4 Nc5 19. Rc2 Rfe8 20. Rfc1 Bf8 21. Rd1
Rc7 22. Qf3 Qc8 23. Qe2 Qb7 24. Qf3 Qxf3 25. Nxf3 Rec8 26. Nd4 g6 27. Kf1 Nb7
28. Rdc1 Nc5 29. Ke2 Ncd7 30. Kd1 h6 31. Ke2 Nc5 32. Ba1 Bg7 33. Bb2 Nfd7 34.
Rd1 Nb7 35. Rdc1 Kf8 36. Kd1 Nbc5 37. Ke2 Ke7 38. Rd1 f5 39. Rcd2 Kf7 40. Rc2
Bf8 41. Rcd2 Nf6 42. f3 Ncd7 43. Kf2 Be7 44. Nde2 Rb7 45. Nd4 Ne8 46. Rc1 Rbc7
47. Rdc2 Nef6 48. Rd2 Nh5 49. Nde2 Nhf6 50. Nd4 Rb7 51. Rdc2 e5 52. Nde2 b5 53.
cxb5 axb5 54. Rd2 Ke6 55. Rcd1 Rc5 56. a4 bxa4 57. bxa4 Rb3 58. Nb5 Rc4 1/2-1/2

[Event "RUS-chT 9th"]
[Site "Ekaterinburg"]
[Date "2002.05.19"]
[Round "3"]
[White "Pridorozhni, Aleksei"]
[Black "Volkov, Sergey"]
[Result "0-1"]
[WhiteElo "2426"]
[BlackElo "2669"]
[PlyCount "94"]
[EventDate "2002.05.17"]

1. e4 e6 2. d4 d5 3. Nd2 Nf6 4. e5 Nfd7 5. f4 c5 6. c3 Nc6 7. Ndf3 Qb6 8. a3
cxd4 9. cxd4 Na5 10. Ne2 Be7 11. Nc3 Qb3 12. Qd3 O-O 13. h4 f5 14. g4 fxg4 15.
Ng5 g6 16. Be2 Bxg5 17. hxg5 Rf7 18. Bxg4 Nb6 19. Qh3 Nbc4 20. Bxe6 Bxe6 21.
Qxe6 Nxb2 22. Rh3 Nac4 23. Qxd5 Qc2 24. Qe4 Nxa3 25. Kf1 Nbc4 26. e6 Re7 27. d5
Qb3 28. Bxa3 Nd2+ 29. Ke2 Nxe4 30. Nxe4 Qc4+ 31. Ke3 Rxe6 32. dxe6 Qxe6 33.
Rxh7 Qb3+ 34. Kf2 Kxh7 35. Rh1+ Kg7 36. Be7 Qc2+ 37. Ke3 Re8 38. Bf6+ Kf7 39.
Rh7+ Ke6 40. Rxb7 Qc1+ 41. Kd4 Kf5 42. Rb5+ Kg4 43. Be5 Qg1+ 44. Kd5 Qd1+ 45.
Kc6 Rc8+ 46. Bc7 Qa4 47. Nd6 Qc2+ 0-1

[Event "RUS-chT 9th"]
[Site "Ekaterinburg"]
[Date "2002.05.19"]
[Round "3"]
[White "Tolstikh, Nikolay"]
[Black "Galkin, Alexander"]
[Result "0-1"]
[WhiteElo "2480"]
[BlackElo "2565"]
[PlyCount "60"]
[EventDate "2002.05.17"]

1. d4 d5 2. c4 e6 3. Nc3 c6 4. e4 dxe4 5. Nxe4 Bb4+ 6. Bd2 Qxd4 7. Bxb4 Qxe4+
8. Be2 Na6 9. Ba5 f6 10. Nf3 b6 11. Bc3 Bb7 12. O-O c5 13. Bd3 Qc6 14. Bc2 Qd7
15. Qe2 Ne7 16. Rad1 Qc6 17. Rd2 Rd8 18. Rfd1 Rxd2 19. Qxd2 O-O 20. a3 e5 21.
Qd7 Ng6 22. Rd6 Qc8 23. Bb1 Nc7 24. Rd1 Nf4 25. g3 Nfe6 26. Bf5 Nd4 27. Qxc8
Bxc8 28. Bxc8 Rxc8 29. Bxd4 exd4 30. Rd3 a5 0-1

[Event "RUS-chT 9th"]
[Site "Ekaterinburg"]
[Date "2002.05.19"]
[Round "3"]
[White "Vaulin, Alexander"]
[Black "Baklan, Vladimir"]
[Result "0-1"]
[WhiteElo "2560"]
[BlackElo "2618"]
[PlyCount "70"]
[EventDate "2002.05.17"]

1. d4 Nf6 2. c4 e6 3. Nf3 b6 4. g3 Ba6 5. b3 Bb7 6. Bg2 Bb4+ 7. Bd2 c5 8. O-O
O-O 9. Bxb4 cxb4 10. Nbd2 d6 11. Qc2 Qc7 12. e4 e5 13. Rfe1 a5 14. Rad1 Re8 15.
Nf1 Nbd7 16. Nh4 g6 17. Ne3 exd4 18. Rxd4 Nc5 19. f3 a4 20. Red1 axb3 21. axb3
Ra3 22. Rxd6 Rxb3 23. Nef5 Rc3 24. Qd2 Ne6 25. Kh1 Rxc4 26. e5 Rc2 27. Nh6+ Kh8
28. Nxf7+ Kg8 29. Nh6+ Kh8 30. Qxb4 Nd5 31. Qa4 Re7 32. Ng4 Rc1 33. Nf6 b5 34.
Qb3 Qc3 35. Qxc3 Rxd1+ 0-1

[Event "RUS-chT 9th"]
[Site "Ekaterinburg"]
[Date "2002.05.20"]
[Round "4"]
[White "Alekseev, Evgeny"]
[Black "Kupreichik, Viktor D"]
[Result "1-0"]
[WhiteElo "2567"]
[BlackElo "2466"]
[PlyCount "47"]
[EventDate "2002.05.17"]

1. e4 Nf6 2. e5 Nd5 3. d4 d6 4. Nf3 Bg4 5. Be2 Nc6 6. O-O dxe5 7. Nxe5 Nxe5 8.
dxe5 Bf5 9. c4 Nb6 10. Qb3 e6 11. Rd1 Qe7 12. Nc3 g5 13. Bf3 c6 14. Nb5 Bh6 15.
Nd6+ Kf8 16. Be3 Qc7 17. Nxf5 exf5 18. Bc5+ Kg7 19. Bd6 Qc8 20. c5 Nd7 21. Bh5
Qe8 22. Bxf7 Qxf7 23. e6 Qf6 24. exd7 1-0

[Event "RUS-chT 9th"]
[Site "Ekaterinburg"]
[Date "2002.05.20"]
[Round "4"]
[White "Dolmatov, Sergey"]
[Black "Burmakin, Vladimir"]
[Result "1-0"]
[WhiteElo "2586"]
[BlackElo "2582"]
[PlyCount "58"]
[EventDate "2002.05.17"]

1. e4 c6 2. d4 d5 3. Nd2 dxe4 4. Nxe4 Nd7 5. Ng5 Ngf6 6. Bd3 e6 7. N1f3 Bd6 8.
Qe2 h6 9. Ne4 Nxe4 10. Qxe4 Nf6 11. Qe2 b6 12. Bd2 Bb7 13. O-O-O Qc7 14. Kb1
O-O-O 15. c4 c5 16. Bc3 Rhe8 17. Bc2 Re7 18. dxc5 bxc5 19. Ne5 Kb8 20. f4 Nd7
21. Rd2 f6 22. Rhd1 Nb6 23. Bg6 Nc8 24. Be4 Qb6 25. Bxb7 Qxb7 26. Ba5 Rde8 27.
Ng6 Rd7 28. Qg4 Qc6 29. Bc3 Rdd8 1-0

[Event "RUS-chT 9th"]
[Site "Ekaterinburg"]
[Date "2002.05.20"]
[Round "4"]
[White "Galkin, Alexander"]
[Black "Baklan, Vladimir"]
[Result "1/2-1/2"]
[WhiteElo "2565"]
[BlackElo "2618"]
[PlyCount "21"]
[EventDate "2002.05.17"]

1. e4 e6 2. d4 d5 3. Nc3 Nf6 4. Bg5 Bb4 5. exd5 Qxd5 6. Bxf6 gxf6 7. Nge2 Nc6
8. Qd2 Bxc3 9. Qxc3 e5 10. dxe5 fxe5 11. Ng3 1/2-1/2

[Event "RUS-chT 9th"]
[Site "Ekaterinburg"]
[Date "2002.05.20"]
[Round "4"]
[White "Klimov, Sergey"]
[Black "Vaulin, Alexander"]
[Result "1-0"]
[WhiteElo "2431"]
[BlackElo "2560"]
[PlyCount "85"]
[EventDate "2002.05.17"]

1. d4 d5 2. c4 dxc4 3. Nf3 a6 4. e3 e6 5. Bxc4 c5 6. O-O Nf6 7. Bb3 b5 8. a4 b4
9. Nbd2 Bb7 10. e4 cxd4 11. e5 Ne4 12. Nxe4 Bxe4 13. Nxd4 Bc5 14. Be3 Bxd4 15.
Bxd4 Nc6 16. Bc5 Qxd1 17. Raxd1 Na5 18. Ba2 b3 19. Bb1 Bxb1 20. Rxb1 O-O-O 21.
f4 Rd5 22. Rbc1 Kb7 23. Bd6 Rc8 24. Rxc8 Kxc8 25. Rc1+ Kb7 26. Rc7+ Kb6 27. Rc3
Ka7 28. Bb4 g5 29. fxg5 Rxe5 30. h4 Kb6 31. Bd6 Rd5 32. Bc7+ Kb7 33. Bxa5 Rxa5
34. Rxb3+ Kc6 35. Rc3+ Kd6 36. b3 Rd5 37. Rc8 Rd4 38. Ra8 Rb4 39. Ra7 Rxb3 40.
Rxf7 Rb4 41. Rxh7 Rxa4 42. g6 Rg4 43. h5 1-0

[Event "RUS-chT 9th"]
[Site "Ekaterinburg"]
[Date "2002.05.20"]
[Round "4"]
[White "Kotsur, Pavel"]
[Black "Kurnosov, Igor"]
[Result "1-0"]
[WhiteElo "2578"]
[BlackElo "2419"]
[PlyCount "137"]
[EventDate "2002.05.17"]

1. e4 c5 2. Nf3 e6 3. d4 cxd4 4. Nxd4 Nf6 5. Nc3 d6 6. Be2 a6 7. O-O Nc6 8. Be3
Be7 9. a4 O-O 10. f4 Qc7 11. Kh1 Re8 12. Bf3 Bf8 13. Nb3 b6 14. a5 bxa5 15. e5
dxe5 16. Nxa5 Nxa5 17. Bxa8 Nc4 18. Bc1 exf4 19. Bxf4 e5 20. Bc1 Nb6 21. Bf3 e4
22. Be2 Bd6 23. Be3 Rd8 24. Qd4 Nbd7 25. Bg1 Nc5 26. Rad1 Bb7 27. Bc4 Be7 28.
Qe3 Ncd7 29. Bb3 Re8 30. Qd4 Ne5 31. Qb6 Qc8 32. Qa5 Bf8 33. Ba4 Nc4 34. Qf5
Qxf5 35. Rxf5 Rc8 36. Rb1 e3 37. Bb3 Nxb2 38. Ne2 Ba3 39. Ra5 Bb4 40. Ra2 Nc4
41. Bxc4 Rxc4 42. c3 Rg4 43. Ng3 Bd5 44. Rxa6 Bf8 45. Bxe3 h5 46. Bd4 h4 47.
Bxf6 hxg3 48. Be5 gxh2 49. Rb2 f5 50. Kxh2 Rh4+ 51. Kg3 Rg4+ 52. Kh3 Be7 53.
Ra5 Bc6 54. Bd4 Bd6 55. Be5 Be7 56. Kh2 Re4 57. Rb6 Rh4+ 58. Kg1 Rc4 59. Bd4
Be4 60. Ra7 Kf7 61. Bxg7 Rc6 62. Rxc6 Bxc6 63. Bd4 Ke6 64. Kf2 Be4 65. g3 Bg5
66. Ra5 Bd3 67. g4 Bh4+ 68. Ke3 Bc2 69. Re5+ 1-0

[Event "RUS-chT 9th"]
[Site "Ekaterinburg"]
[Date "2002.05.20"]
[Round "4"]
[White "Looshnikov, Nikolai"]
[Black "Kobalia, Mikhail"]
[Result "0-1"]
[WhiteElo "2443"]
[BlackElo "2602"]
[PlyCount "79"]
[EventDate "2002.05.17"]

1. e4 c5 2. c3 d5 3. exd5 Qxd5 4. Nf3 Nf6 5. d4 Bg4 6. Qa4+ Bd7 7. Qb3 cxd4 8.
Nxd4 Nc6 9. Be3 Na5 10. Qxd5 Nxd5 11. Bc1 e5 12. Nb3 Nc6 13. Be2 a5 14. a4 Be6
15. Bd1 O-O-O 16. O-O Nf4 17. Bc2 Bc4 18. Re1 Nd3 19. Bxd3 Rxd3 20. N3d2 Be6
21. Nf1 Be7 22. Be3 Rhd8 23. Nbd2 f5 24. Nf3 Bf6 25. Bf4 e4 26. Bg5 Bxg5 27.
Nxg5 Bg8 28. Nh3 R3d6 29. Ne3 g6 30. Nf4 Rd2 31. Reb1 g5 32. Nh5 f4 33. Ng4 Bf7
34. Ngf6 Bg6 35. Re1 Rxb2 36. Ng7 e3 37. fxe3 Rdd2 38. e4 Rxg2+ 39. Kh1 Rxh2+
40. Kg1 0-1

[Event "RUS-chT 9th"]
[Site "Ekaterinburg"]
[Date "2002.05.20"]
[Round "4"]
[White "Lubashov, Alexei"]
[Black "Najer, Evgeniy"]
[Result "1-0"]
[WhiteElo "2313"]
[BlackElo "2598"]
[PlyCount "75"]
[EventDate "2002.05.17"]

1. g3 d5 2. Bg2 Nf6 3. d3 g6 4. Nf3 Bg7 5. O-O O-O 6. Nbd2 Nbd7 7. e4 dxe4 8.
dxe4 e5 9. b3 Qe7 10. a4 b6 11. Ba3 c5 12. Re1 Bb7 13. c3 a6 14. Qc2 b5 15. Nf1
Rfd8 16. axb5 axb5 17. c4 bxc4 18. Qxc4 Bh6 19. N3d2 Rac8 20. Bh3 Rc7 21. Bb2
Nb8 22. Bc3 Nc6 23. Ne3 Nb4 24. Rec1 Nd3 25. Rd1 Rd4 26. Qb5 Bc6 27. Qb6 Bxe3
28. fxe3 Rd6 29. Nc4 Nf2 30. Rxd6 Nxh3+ 31. Kf1 Nxe4 32. Rxc6 Qd7 33. Qb8+ Kg7
34. Bxe5+ Kh6 35. Rxg6+ fxg6 36. Qf8+ Kh5 37. Qf3+ Kh6 38. Qxe4 1-0

[Event "RUS-chT 9th"]
[Site "Ekaterinburg"]
[Date "2002.05.20"]
[Round "4"]
[White "Petukhov, Valery"]
[Black "Smagin, Sergey"]
[Result "0-1"]
[WhiteElo "2496"]
[BlackElo "2585"]
[PlyCount "77"]
[EventDate "2002.05.17"]

1. c4 e6 2. g3 d5 3. Bg2 a6 4. Qc2 Nf6 5. d4 dxc4 6. Qxc4 b5 7. Qc2 Ra7 8. Nf3
Bb7 9. O-O Nbd7 10. a4 Be4 11. Qb3 Bd5 12. Qc2 b4 13. Nbd2 c5 14. e4 Ba8 15. d5
exd5 16. e5 Ng4 17. Re1 Be7 18. Nf1 d4 19. Qf5 h5 20. e6 fxe6 21. Rxe6 Nf8 22.
Re1 Rd7 23. Qxc5 Ne3 24. Rxe3 dxe3 25. Qxe3 Rd1 26. N3d2 Bxg2 27. Kxg2 Qc8 28.
Ne4 Rh6 29. b3 Qc2 30. Qf4 Re6 31. Ne3 Qxb3 32. Nxd1 Qxd1 33. Bb2 Qc2 34. Re1
Qxb2 35. Nd6+ Bxd6 36. Rxe6+ Nxe6 37. Qxd6 Kf7 38. Qxa6 Kf6 39. Qb7 0-1

[Event "RUS-chT 9th"]
[Site "Ekaterinburg"]
[Date "2002.05.20"]
[Round "4"]
[White "Pigusov, Evgeny"]
[Black "Nureev, Garun"]
[Result "1/2-1/2"]
[WhiteElo "2623"]
[BlackElo "2457"]
[PlyCount "96"]
[EventDate "2002.05.17"]

1. Nf3 c5 2. c4 Nc6 3. Nc3 e5 4. g3 g6 5. Bg2 Bg7 6. O-O Nge7 7. Ne1 O-O 8. Nc2
d6 9. a3 Be6 10. Ne3 Qd7 11. Rb1 a6 12. Ned5 Rab8 13. Qa4 Kh8 14. d3 Qc8 15.
Bd2 b5 16. Qd1 f5 17. b4 cxb4 18. axb4 Bg8 19. Bg5 Nxd5 20. Nxd5 Qd7 21. Qd2
bxc4 22. dxc4 e4 23. Bf4 Ne5 24. Rfc1 Rfc8 25. Bxe5 Bxe5 26. e3 Qb7 27. Bf1 a5
28. b5 Ra8 29. Qa2 Rc5 30. Rd1 a4 31. Rb4 a3 32. Rb3 Rxd5 33. cxd5 Bxd5 34.
Rxd5 Qxd5 35. b6 Qxb3 36. Qxb3 a2 37. b7 a1=Q 38. bxa8=Q+ Qxa8 39. Qf7 Qg8 40.
Qxg8+ Kxg8 41. Bc4+ Kg7 42. h4 Kf6 43. Kg2 Bc3 44. Bg8 h6 45. Bc4 Ke5 46. Bf7
g5 47. hxg5 hxg5 48. Kf1 d5 1/2-1/2

[Event "RUS-chT 9th"]
[Site "Ekaterinburg"]
[Date "2002.05.20"]
[Round "4"]
[White "Sherbakov, Ruslan"]
[Black "Aleksandrov, Aleksej"]
[Result "1/2-1/2"]
[WhiteElo "2549"]
[BlackElo "2654"]
[PlyCount "59"]
[EventDate "2002.05.17"]

1. c4 e6 2. g3 d5 3. Bg2 Nf6 4. Nf3 Be7 5. O-O O-O 6. b3 c5 7. e3 b6 8. Bb2 Bb7
9. Nc3 Nbd7 10. d3 Qc7 11. Qe2 Bc6 12. Rfd1 Qb7 13. d4 dxc4 14. bxc4 Ne4 15. d5
Nxc3 16. Bxc3 exd5 17. Ne5 Nxe5 18. cxd5 Ba4 19. Bxe5 Bxd1 20. Rxd1 Qd7 21. d6
Rad8 22. Qh5 Rfe8 23. Bh3 Qa4 24. d7 Rf8 25. Rd2 Qb4 26. Bf5 h6 27. Rd1 Qa4 28.
Rd2 Qb4 29. Rd1 Qa4 30. Rd2 1/2-1/2

[Event "RUS-chT 9th"]
[Site "Ekaterinburg"]
[Date "2002.05.20"]
[Round "4"]
[White "Volokitin, Andrei"]
[Black "Selin, Vladimir"]
[Result "1/2-1/2"]
[WhiteElo "2577"]
[BlackElo "2232"]
[PlyCount "105"]
[EventDate "2002.05.17"]

1. e4 c5 2. Nf3 d6 3. Bb5+ Nd7 4. d4 Ngf6 5. O-O a6 6. Bxd7+ Nxd7 7. Nc3 cxd4
8. Qxd4 e5 9. Qb4 Qb6 10. a3 Qxb4 11. axb4 Nb6 12. b3 Bg4 13. b5 axb5 14. Be3
Rxa1 15. Rxa1 Nc8 16. Nxb5 Kd7 17. c4 Be7 18. Ne1 Be6 19. Nd3 Bd8 20. Kf1 f6
21. Ra8 f5 22. Rb8 fxe4 23. Nb4 b6 24. Rb7+ Ke8 25. Nc6 Bd7 26. Nxd8 Kxd8 27.
Bxb6+ Ke7 28. Be3 h6 29. Nc3 Ke6 30. Rb8 Re8 31. Nxe4 Ne7 32. Rb6 Bc6 33. Nc3
Ra8 34. f3 Kd7 35. Ke2 Nc8 36. Rb4 Ra1 37. h3 Ne7 38. Rb8 d5 39. cxd5 Nxd5 40.
Nxd5 Bxd5 41. Rb5 Ke6 42. Rb6+ Kf7 43. Kd3 Rd1+ 44. Kc2 Re1 45. Kd2 Rb1 46. Kc3
Re1 47. Kd2 Rb1 48. Kc2 Re1 49. Kd3 Rd1+ 50. Ke2 Rb1 51. b4 Rb2+ 52. Bd2 Bc4+
53. Ke3 1/2-1/2

[Event "RUS-chT 9th"]
[Site "Ekaterinburg"]
[Date "2002.05.21"]
[Round "5"]
[White "Burmakin, Vladimir"]
[Black "Fominyh, Alexander"]
[Result "1-0"]
[WhiteElo "2582"]
[BlackElo "2536"]
[PlyCount "87"]
[EventDate "2002.05.17"]

1. d4 d5 2. c4 c6 3. Nf3 Nf6 4. e3 Bg4 5. cxd5 Bxf3 6. Qxf3 cxd5 7. Nc3 Nc6 8.
Bd3 e6 9. Qg3 a6 10. O-O Bd6 11. f4 g6 12. Bd2 Nb4 13. Bb1 Rc8 14. Qh3 Be7 15.
g4 Nc6 16. Bd3 h5 17. g5 Nd7 18. Bxg6 fxg6 19. Qxe6 Nf8 20. Qxd5 Rh7 21. Qg2
Qd7 22. d5 Nb4 23. a3 Nd3 24. Rab1 Qg4 25. h3 Qxg2+ 26. Kxg2 Nd7 27. Kf3 Nb6
28. b4 Nc4 29. Ke2 Nxf4+ 30. Rxf4 Bxg5 31. Re4+ Kd8 32. Rf1 Nxa3 33. Rf8+ Kd7
34. Rxc8 Kxc8 35. Re6 Nc4 36. Rxg6 Be7 37. b5 a5 38. Ne4 Rf7 39. Bc3 a4 40. d6
Bd8 41. Nc5 a3 42. Kd3 Nb2+ 43. Kc2 Nc4 44. d7+ 1-0

[Event "RUS-chT 9th"]
[Site "Ekaterinburg"]
[Date "2002.05.21"]
[Round "5"]
[White "Kharlov, Andrei"]
[Black "Semeniuk, Alexander A"]
[Result "0-1"]
[WhiteElo "2633"]
[BlackElo "2464"]
[PlyCount "66"]
[EventDate "2002.05.17"]

1. e4 c5 2. Nf3 e6 3. d4 cxd4 4. Nxd4 Nf6 5. Nc3 d6 6. Be2 Be7 7. O-O O-O 8. f4
a6 9. a4 Nc6 10. Kh1 Qc7 11. Be3 Re8 12. Qd2 Na5 13. Qd3 Rd8 14. Rad1 b6 15. b4
Nb7 16. Bc1 Bd7 17. Bb2 a5 18. Ncb5 Qb8 19. c3 d5 20. e5 Ne4 21. Nc2 axb4 22.
cxb4 Rxa4 23. Qb3 Ra8 24. Ne3 Nbc5 25. bxc5 bxc5 26. Ba3 Bxb5 27. Bxb5 c4 28.
Nxc4 dxc4 29. Rxd8+ Qxd8 30. Qc2 Qd4 31. Bxe7 Nf2+ 32. Kg1 Nh3+ 33. Kh1 Ra1 0-1

[Event "RUS-chT 9th"]
[Site "Ekaterinburg"]
[Date "2002.05.21"]
[Round "5"]
[White "Kurochkin, Victor"]
[Black "Baklan, Vladimir"]
[Result "0-1"]
[WhiteElo "2415"]
[BlackElo "2618"]
[PlyCount "56"]
[EventDate "2002.05.17"]

1. e4 c5 2. Nf3 d6 3. d4 cxd4 4. Nxd4 Nf6 5. Nc3 Nc6 6. Be2 e5 7. Nb3 Be7 8. f4
O-O 9. Bf3 Qb6 10. Qe2 Nd4 11. Qd3 Bd7 12. Nxd4 exd4 13. Ne2 d5 14. e5 Bb5 15.
Qb3 Ne4 16. Qxd5 Bb4+ 17. Kf1 Bc6 18. Qc4 Rfd8 19. Bxe4 Bxe4 20. a3 Be7 21. Ng3
Rac8 22. Qe2 Bxc2 23. Bd2 Qxb2 24. Rc1 Ba4 25. Rxc8 Rxc8 26. Qg4 Bb5+ 27. Ke1
Rc1+ 28. Bxc1 Qxc1+ 0-1

[Event "RUS-chT 9th"]
[Site "Ekaterinburg"]
[Date "2002.05.21"]
[Round "5"]
[White "Lubashov, Alexei"]
[Black "Rustemov, Alexander"]
[Result "1/2-1/2"]
[WhiteElo "2313"]
[BlackElo "2598"]
[PlyCount "68"]
[EventDate "2002.05.17"]

1. g3 d5 2. Bg2 c5 3. Nf3 g6 4. O-O Bg7 5. d4 cxd4 6. Nxd4 Nf6 7. Nb3 O-O 8.
Nc3 e6 9. e4 Nxe4 10. Nxe4 dxe4 11. Qxd8 Rxd8 12. Bxe4 Nc6 13. c3 e5 14. Bg5 f6
15. Be3 Bf5 16. Bxf5 gxf5 17. Rfd1 Kf7 18. a4 Bf8 19. Kf1 h5 20. a5 h4 21. Ke2
h3 22. Rxd8 Rxd8 23. a6 b6 24. Ra4 Rd7 25. Nd2 b5 26. Rh4 Nb8 27. Rxh3 Bg7 28.
Bh6 Nxa6 29. Bxg7 Kxg7 30. Nb3 b4 31. Rh4 bxc3 32. bxc3 Rb7 33. Ra4 Rxb3 34.
Rxa6 Rxc3 1/2-1/2

[Event "RUS-chT 9th"]
[Site "Ekaterinburg"]
[Date "2002.05.21"]
[Round "5"]
[White "Shariyazdanov, Andrey"]
[Black "Tregubov, Pavel V"]
[Result "1/2-1/2"]
[WhiteElo "2542"]
[BlackElo "2627"]
[PlyCount "37"]
[EventDate "2002.05.17"]

1. d4 d5 2. c4 e6 3. Nc3 Be7 4. cxd5 exd5 5. Bf4 Nf6 6. e3 Bf5 7. Nge2 O-O 8.
Ng3 Be6 9. Bd3 c5 10. dxc5 Bxc5 11. O-O Nc6 12. Rc1 d4 13. Nce4 Be7 14. Nxf6+
Bxf6 15. e4 Be5 16. Bd2 Bxg3 17. hxg3 Ne5 18. Bf4 f6 19. Bxe5 1/2-1/2

[Event "RUS-chT 9th"]
[Site "Ekaterinburg"]
[Date "2002.05.21"]
[Round "5"]
[White "Smagin, Sergey"]
[Black "Selin, Vladimir"]
[Result "1-0"]
[WhiteElo "2585"]
[BlackElo "2232"]
[PlyCount "73"]
[EventDate "2002.05.17"]

1. d4 d5 2. c4 dxc4 3. Nf3 Nf6 4. e3 Bg4 5. Bxc4 e6 6. h3 Bh5 7. Nc3 Nbd7 8.
O-O Be7 9. Be2 O-O 10. Qb3 Nb6 11. Rd1 Qb8 12. e4 c5 13. Be3 Rc8 14. a4 Bxf3
15. Bxf3 cxd4 16. Bxd4 Nc4 17. Rac1 e5 18. Ne2 Na5 19. Qb5 Rxc1 20. Rxc1 Nc6
21. Be3 Qc7 22. Nc3 a6 23. Qc4 Qa5 24. Nd5 Nxd5 25. exd5 Nb4 26. Qc7 Qxc7 27.
Rxc7 Bd6 28. Rd7 Bf8 29. d6 Re8 30. Bxb7 a5 31. Bb6 Re6 32. Bxa5 Rxd6 33. Rxd6
Bxd6 34. Bb6 Nd3 35. a5 Nxb2 36. a6 Nc4 37. Be3 1-0

[Event "RUS-chT 9th"]
[Site "Ekaterinburg"]
[Date "2002.05.21"]
[Round "5"]
[White "Vaulin, Alexander"]
[Black "Fedorov, Alexei"]
[Result "1/2-1/2"]
[WhiteElo "2560"]
[BlackElo "2598"]
[PlyCount "54"]
[EventDate "2002.05.17"]

1. d4 Nf6 2. Nf3 g6 3. c4 Bg7 4. g3 O-O 5. Bg2 d6 6. O-O Nc6 7. Nc3 a6 8. e3 e5
9. d5 Ne7 10. e4 b5 11. Qe2 b4 12. Nd1 c6 13. a3 cxd5 14. exd5 b3 15. Nc3 Bg4
16. h3 Bxf3 17. Qxf3 Nd7 18. Ne4 Qb8 19. Be3 Nf5 20. c5 dxc5 21. Nxc5 Nxc5 22.
Bxc5 Re8 23. Qe4 Qb5 24. Rfc1 Nd4 25. Bf1 Qd7 26. Bxd4 exd4 27. Qd3 a5 1/2-1/2

[Event "RUS-chT 9th"]
[Site "Ekaterinburg"]
[Date "2002.05.22"]
[Round "6"]
[White "Aseev, Konstantin N"]
[Black "Tomashevsky, Evgeny"]
[Result "1-0"]
[WhiteElo "2579"]
[BlackElo "2452"]
[PlyCount "89"]
[EventDate "2002.05.17"]

1. e4 Nf6 2. e5 Nd5 3. d4 d6 4. Nf3 Bg4 5. Be2 e6 6. O-O Be7 7. c4 Nb6 8. h3
Bh5 9. Nc3 O-O 10. Be3 N8d7 11. b3 a6 12. Rc1 Bxf3 13. Bxf3 dxe5 14. Bxb7 exd4
15. Bxd4 c5 16. Be3 Ra7 17. Bf3 Bg5 18. Qe2 Bxe3 19. Qxe3 Qc7 20. Rfd1 Nf6 21.
Rd2 Qe7 22. Rcd1 Rc8 23. Qe5 Ne8 24. g3 h6 25. h4 Kf8 26. Rd3 Kg8 27. R1d2 Kf8
28. Kg2 Kg8 29. Qe3 Rac7 30. Rd1 Ra7 31. Qd2 Rcc7 32. Ne4 a5 33. Nc3 Rd7 34.
Bc6 Rxd3 35. Qxd3 Rc7 36. Bxe8 Qxe8 37. Qd8 Qxd8 38. Rxd8+ Kh7 39. Rd6 Nd7 40.
Ra6 Ne5 41. Rxa5 Kg6 42. Na4 Nd7 43. Kf3 Kf6 44. Ke3 Rc6 45. Nc3 1-0

[Event "RUS-chT 9th"]
[Site "Ekaterinburg"]
[Date "2002.05.22"]
[Round "6"]
[White "Baklan, Vladimir"]
[Black "Nureev, Garun"]
[Result "1/2-1/2"]
[WhiteElo "2618"]
[BlackElo "2457"]
[PlyCount "96"]
[EventDate "2002.05.17"]

1. e4 c5 2. Nf3 Nc6 3. Bb5 d6 4. O-O Bd7 5. Re1 a6 6. Bf1 Bg4 7. c3 Nf6 8. d3
e6 9. Nbd2 Be7 10. h3 Bh5 11. g4 Bg6 12. Bg2 h6 13. Nf1 d5 14. e5 Nd7 15. Bf4
b5 16. Re2 Nb6 17. Bh2 Rc8 18. Rd2 O-O 19. Rc1 Qd7 20. Ng3 f6 21. Ne2 Bh7 22.
b3 Rf7 23. exf6 Bxf6 24. d4 cxd4 25. cxd4 Rcf8 26. Bg3 Nc8 27. Ne5 Bxe5 28.
dxe5 N8e7 29. Nd4 Nxd4 30. Rxd4 g5 31. Qe1 Qa7 32. Qb4 Qb6 33. Rd2 Rc8 34. Rdd1
Bc2 35. Rd2 Bh7 36. Rxc8+ Nxc8 37. a4 Rc7 38. axb5 Qxb5 39. Qxb5 axb5 40. f4
Rc3 41. Kf2 gxf4 42. Bxf4 Nb6 43. Ra2 Rxb3 44. Ra6 Nc4 45. Ra8+ Kf7 46. Ra7+
Kg8 47. Ra8+ Kf7 48. Ra7+ Kg8 1/2-1/2

[Event "RUS-chT 9th"]
[Site "Ekaterinburg"]
[Date "2002.05.22"]
[Round "6"]
[White "Dmitriev, Igor"]
[Black "Alekseev, Evgeny"]
[Result "1/2-1/2"]
[WhiteElo "2385"]
[BlackElo "2567"]
[PlyCount "131"]
[EventDate "2002.05.17"]

1. d4 Nf6 2. Nc3 d5 3. Bg5 Nbd7 4. e3 e6 5. Nf3 Be7 6. a4 c5 7. Bb5 O-O 8. O-O
a6 9. Bxd7 Bxd7 10. Ne5 Be8 11. a5 Nd7 12. Bxe7 Qxe7 13. Nd3 cxd4 14. exd4 Nb8
15. Re1 Qf6 16. Ne5 Nc6 17. Qd2 Rc8 18. Nd1 Nxe5 19. Rxe5 Qe7 20. c3 f6 21. Re1
Bg6 22. Ne3 Qd7 23. Nc2 Rfe8 24. Nb4 Qb5 25. Re3 Rcd8 26. Nd3 e5 27. Nc5 Re7
28. Qe2 Qc6 29. Qd1 Qc7 30. Ra3 Be8 31. Qf3 Bc6 32. Ra1 Rde8 33. b4 e4 34. Qg3
g5 35. Rae1 Rg7 36. f3 f5 37. Qxc7 Rxc7 38. fxe4 fxe4 39. Rf1 Rf7 40. Rxf7 Kxf7
41. Kf2 Kg6 42. Re1 Re7 43. Ke3 Rf7 44. Rd1 Rf5 45. Rc1 h5 46. c4 dxc4 47. Rxc4
Rf1 48. Rc3 Re1+ 49. Kf2 Rb1 50. Nxa6 Rb2+ 51. Ke1 Rxg2 52. Nb8 Bb5 53. d5 Rxh2
54. d6 Re2+ 55. Kd1 e3 56. d7 Rd2+ 57. Ke1 Bxd7 58. Rxe3 Rd6 59. Nxd7 Rxd7 60.
b5 Rd5 61. Re6+ Kf5 62. Rb6 Rd7 63. a6 bxa6 64. bxa6 h4 65. Rb5+ Kf4 66. Ra5
1/2-1/2